000 00649nam a22001937a 4500
005 20251108170526.0
008 250721s1994 xx 000 0 ara d
082 1 4 _a218.2/قار
100 1 _aالقاري، ملا علي بن سلطان
245 1 0 _aتسلية الأعمى على بلية العمى و ما يتعلق بالأعمى ........ /
264 1 _aالقاهرة :
_bمكتبة القرآن،
_c1994.
300 _a63ص
650 1 7 _aالفضائل الإسلامية
650 1 7 _aالعمى
650 1 7 _aالأحكام الشرعية
700 1 _aمبروك، مبروك
_eتحقيق
942 _2ddc
_cBK
999 _c42622
_d42622